| 000 | 00629nam a2200193 4500 | ||
|---|---|---|---|
| 001 | 174666 | ||
| 003 | ES-MaACL | ||
| 005 | 20230906215619.0 | ||
| 008 | 100514s2009 sp |||| | spa d | ||
| 017 | _aV 4282-2009 | ||
| 020 | _a978-84-92587-25-4 | ||
| 080 | _a821.134.2-14"19" | ||
| 100 | 1 |
_aEscalera Cordero, Matías. _9139828 |
|
| 245 | 1 | 0 |
_aPero no islas _b: poesía de un hombre corriente desilusionado / _cMatías Escalera Cordero ; [prólogo, Enrique Falcón]. |
| 260 |
_aAlzira (Valencia) : _bGermanía, _c2009. |
||
| 300 |
_a147 p. ; _c23 cm. |
||
| 700 | 1 |
_aFalcón, Enrique. _948704 |
|
| 852 | 4 |
_aES-MaACL _jC-57210 |
|
| 999 |
_c174666 _d174666 |
||